Crystal Cove / Lisa Kleypas.
As the proprietor of a successful boutique hotel, Justine Hoffman has the life she has always wanted. But there is still something missing: love. A spell was cast on Justine when she was born, with the result that she will never find her soul mate.
Record details
- ISBN: 9780312605933
- ISBN: 0312605935
- Physical Description: 339 pages ; 18 cm.
- Publisher: New York : St. Martin's Paperbacks, 2013.
Content descriptions
| General Note: | Originally published: New York : St. Martin's Griffin, 2013. Includes discussion questions. |
Search for related items by subject
| Subject: | Charms > Fiction. Magic > Fiction. |
| Genre: | Love stories. |
Search for related items by series
| LDR | 01344nam a2200337Ia 4500 | ||
|---|---|---|---|
| 001 | 142599 | ||
| 003 | CONS | ||
| 005 | 20170112094143.0 | ||
| 008 | 130725r20132013nyu 000 1 eng d | ||
| 020 | . | ‡a9780312605933 ‡q(pbk.) | |
| 020 | . | ‡a0312605935 ‡q(pbk.) | |
| 035 | . | ‡a(CPomAG)LMN597581 | |
| 050 | 1 | 4. | ‡aPS3561.L456 ‡bC79 2013c |
| 082 | 0 | 4. | ‡a813/.54 ‡223 |
| 100 | 1 | . | ‡aKleypas, Lisa. |
| 245 | 1 | 0. | ‡aCrystal Cove / ‡cLisa Kleypas. |
| 260 | . | ‡aNew York : ‡bSt. Martin's Paperbacks, ‡c2013. | |
| 300 | . | ‡a339 pages ; ‡c18 cm. | |
| 336 | . | ‡atext ‡btxt ‡2rdacontent | |
| 337 | . | ‡aunmediated ‡bn ‡2rdamedia | |
| 338 | . | ‡avolume ‡bnc ‡2rdacarrier | |
| 490 | 1 | . | ‡aA Friday Harbor novel |
| 500 | . | ‡aOriginally published: New York : St. Martin's Griffin, 2013. | |
| 500 | . | ‡aIncludes discussion questions. | |
| 520 | . | ‡aAs the proprietor of a successful boutique hotel, Justine Hoffman has the life she has always wanted. But there is still something missing: love. A spell was cast on Justine when she was born, with the result that she will never find her soul mate. | |
| 650 | 0. | ‡aCharms ‡vFiction. | |
| 650 | 0. | ‡aMagic ‡vFiction. | |
| 655 | 7. | ‡aLove stories. ‡2gsafd | |
| 800 | 1 | . | ‡aKleypas, Lisa. ‡tFriday Harbor novel. |
| 959 | . | ‡i32269001008088 ‡lF Kle ‡aAdult - Fiction ‡tFiction ‡g8.00 | |
| 852 | . | ‡p32269001008088 ‡jF Kle ‡gAdult - Fiction ‡cFiction ‡y8.00 ‡bSBPL | |
| 901 | . | ‡a142599 ‡bUnknown ‡c142599 ‡tbiblio | |